The noble scholar, jurist, historian


 His Excellency Dr. Abdul Wahhab bin Ibrahim Abu Sulaiman, may Allah have mercy on him.


 He was born in Umm Al-Qura in the year 1356 AH.

الإرهاب : (Record no. 3310)

MARC details
000 -LEADER
fixed length control field 02941cam a2200337 i 4500
003 - CONTROL NUMBER IDENTIFIER
control field SA-RiAUC
005 - DATE AND TIME OF LATEST TRANSACTION
control field 20241211074159.0
008 - FIXED-LENGTH DATA ELEMENTS--GENERAL INFORMATION
fixed length control field 241210s2004 su g 00010 ara c
024 0# - OTHER STANDARD IDENTIFIER
Standard number or code 00000000299872
024 0# - OTHER STANDARD IDENTIFIER
Standard number or code 00000000978417
040 ## - CATALOGING SOURCE
Original cataloging agency SA-JeALM
Language of cataloging ara
Transcribing agency SA-RiAUC
Modifying agency KAC
Description conventions rda
050 #4 - LIBRARY OF CONGRESS CALL NUMBER
Item number .M39 2004
082 04 - DEWEY DECIMAL CLASSIFICATION NUMBER
Classification number 303.625
Assigning agency SA-RiAUC
090 ## - LOCALLY ASSIGNED LC-TYPE CALL NUMBER (OCLC); LOCAL CALL NUMBER (RLIN)
Classification number (OCLC) (R) ; Classification number, CALL (RLIN) (NR) 303.625
Local cutter number (OCLC) ; Book number/undivided call number, CALL (RLIN) م و ج
100 1# - MAIN ENTRY--PERSONAL NAME
Personal name الموجان، أحمد حسين عبد الله
Relator term مؤلف.
245 12 - TITLE STATEMENT
Title الإرهاب :
Remainder of title روافده، أسبابه الفكرية، علاجه، أقوال العلماء فيه /
Statement of responsibility, etc. تأليف الدكتور أحمد بن حسين بن عبد الله الموجان.
250 ## - EDITION STATEMENT
Edition statement الطبعة الأولى.
264 #1 - PRODUCTION, PUBLICATION, DISTRIBUTION, MANUFACTURE, AND COPYRIGHT NOTICE
Place of production, publication, distribution, manufacture جدة، السعودية :
Name of producer, publisher, distributor, manufacturer سنا الفاروق للنشر،
Date of production, publication, distribution, manufacture, or copyright notice 2004.
300 ## - PHYSICAL DESCRIPTION
Extent 234 صفحة ؛
Dimensions 24 × 17 سم
336 ## - CONTENT TYPE
Content type term نص
Content type code txt
Source rdacontent
Materials specified كتاب
337 ## - MEDIA TYPE
Media type term بدون وسيط
Media type code n
Source rdamedia
338 ## - CARRIER TYPE
Carrier type term مجلد
Carrier type code nc
Source rdacarrier
500 ## - GENERAL NOTE
General note ملاحق : صفحة 161-215.
500 ## - GENERAL NOTE
General note هداء من المؤلف الدكتور أحمد بن حسين بن عبد الله الموجان.
520 0# - SUMMARY, ETC.
Summary, etc. يتناول كتاب (الإرهاب روافده... أسبابه الفكرية... علاجه أقوال العلماء فيه) والذي قام بتأليفه د. أحمد بن حسين بن عبد الله الموجان، موضوع (الإرهاب) الكتاب بحث يوضح لنا أن المسلمون فجعوا المسلمون بأحداث جسام، اقترفتها فئة ضالة من الإرهبيين في بلاد الحرمين الشريفين، سفكوا الدماء، ودمروا الممتلكات، وخربوا المنشآت، تحت ذرائع واهية، ودعاوي باطلة، نسبوها زورا وبهتانا إلى الدين؛ والدين منها براء، وقد قام المخلصون من علماء الأمة ومفكريها وولاة أمورها بدافع الغيرة والإصلاح بالتصدي لهؤلاء في المجال الأمني والإعلامي والاجتماعي والثقافي، كما قام العلماء والدعاة بدور فعال من فوق المنابر،وعبر وسائل الإعلام المرئية والمسموعة وغيرها. هذا البحث يعد إسهام متواضع من الباحث في دعم تلك الجهود وتأكيدها، بغية تجلية الحقائق، وكشف زيغ دعاوى أولئك الموتورين، وتبرئة الشريعة الإسلامية وفقهها من السلف والخلف من أفكارهم المظلمة الظالمة.
650 #7 - SUBJECT ADDED ENTRY--TOPICAL TERM
Topical term or geographic name entry element الإرهاب
Source of heading or term aucsh
650 #7 - SUBJECT ADDED ENTRY--TOPICAL TERM
Topical term or geographic name entry element التطرف الديني
Source of heading or term aucsh
942 ## - ADDED ENTRY ELEMENTS (KOHA)
Source of classification or shelving scheme Dewey Decimal Classification
Koha item type Books
Suppress in OPAC No
949 ## - LOCAL PROCESSING INFORMATION (OCLC)
a SA-JeALM
d 241210
u mohamedma123
n 1
Holdings
Withdrawn status Lost status Source of classification or shelving scheme Damaged status Not for loan Home library Current library Date acquired Total checkouts Full call number Barcode Date last seen Price effective from Koha item type
    Dewey Decimal Classification     DR AbdElwahab Library DR AbdElwahab Library 12/11/2024   303.625 م و ج 000005241 12/11/2024 12/11/2024 Books